[Event "GER-chT LG-1 email"]
[Site "GER email"]
[Date "2007.10.25"]
[Round "?"]
[White "Lohmann, Heinrich"]
[Black "Kamp, Christoph"]
[Result "1-0"]
[WhiteElo "2532"]
[BlackElo "2438"]
[PlyCount "127"]
[EventDate "2007.??.??"]
[EventType "tourn (corr)"]
[EventRounds "8"]
[EventCountry "GER"]
[SourceTitle "Corr 2011"]
[Source "ChessBase"]
[SourceDate "2010.08.31"]
[SourceVersion "1"]
[SourceVersionDate "2010.08.31"]
[SourceQuality "1"]

1. Nf3 Nf6 2. g3 g6 3. Bg2 Bg7 4. d4 0-0 5. c4 d6 6. Nc3 Nbd7 7. 0-0 e5 8. e4 exd4 9. Nxd4 Re8 10. h3 a6 11. Be3 Rb8 12. b3 Qe7 13. Rc1 c5 14. Nf3 b5 15. Bf4 Rb6 16. Re1 b4 17. Nd5 Nxd5 18. exd5 Ne5 19. Nxe5 dxe5 20. Rc2 Qd6 21. Rce2 Rb7 22. a3 bxa3 23. Ra2 Bd7 24. Bd2 f5 25. Bc3 e4 26. Bxg7 Kxg7 27. Rxa3 Rb6 28. Qd2 Rc8 29. Qe3 Kf7 30. Ra5 Rc7 31. Rea1 Bc8 32. Kh2 Rb8 33. f3 exf3 34. Bxf3 Rb6 35. Rb1 Qe7 36. Qd2 Qd6 37. Bg2 Bd7 38. Qh6 Kg8 39. Qe3 Rc8 40. Rba1 Qf6 41. R1a3 Re8 42. Qd2 Rc8 43. Qf2 Qd6 44. Qe3 Rc7 45. Ra2 Bc8 46. Rb2 Rb4 47. Qf4 Qxf4 48. gxf4 Rb6 49. Rd2 Bd7 50. Rda2 Rxb3 51. Rxa6 Rcb7 52. R6a5 Kf7 53. Rxc5 R3b4 54. d6 Rb2 55. Rxb2 Rxb2 56. Rc7 Ke6 57. c5 Rb4 58. Kg3 Rb3+ 59. Bf3 Bb5 60. Re7+ Kf6 61. Kf2 Rb2+ 62. Ke1 Rb1+ 63. Kd2 Rb3 64. Rb7 1-0

[Event "GER-chT LG-1 Br02 email"]
[Site "GER email"]
[Date "2007.10.25"]
[Round "?.2"]
[White "Ruemmele, Michael"]
[Black "Lohmann, Heinrich"]
[Result "1/2-1/2"]
[WhiteElo "2390"]
[BlackElo "2196"]
[PlyCount "40"]
[EventDate "2007.??.??"]
[EventType "tourn (corr)"]
[EventRounds "7"]
[EventCountry "GER"]
[SourceTitle "Corr 2011"]
[Source "ChessBase"]
[SourceDate "2010.08.31"]
[SourceVersion "1"]
[SourceVersionDate "2010.08.31"]
[SourceQuality "1"]

1. d4 Nf6 2. c4 g6 3. Nc3 d5 4. Nf3 Bg7 5. Qb3 dxc4 6. Qxc4 0-0 7. e4 Nc6 8. Be2 Nd7 9. Be3 Nb6 10. Qc5 f5 11. 0-0-0 fxe4 12. Ne5 Qd6 13. Nxc6 bxc6 14. Nxe4 Qe6 15. Nc3 Rf5 16. Qb4 a5 17. Qb3 Qxb3 18. axb3 Nd5 19. Rd2 Nxe3 20. fxe3 Rf8 1/2-1/2

[Event "GER-chT LF-1 B1 email"]
[Site "GER email"]
[Date "2007.??.??"]
[Round "?"]
[White "Hacker, Christian"]
[Black "Lohmann, Heinrich"]
[Result "1-0"]
[WhiteElo "2351"]
[BlackElo "2178"]
[PlyCount "135"]
[EventDate "2007.??.??"]
[EventType "team (corr)"]
[EventRounds "9"]
[EventCountry "GER"]
[SourceTitle "Corr 2008"]
[Source "ChessBase"]
[SourceDate "2008.06.24"]
[SourceVersion "1"]
[SourceVersionDate "2008.06.24"]
[SourceQuality "1"]

1. d4 Nf6 2. c4 g6 3. Nc3 d5 4. Bf4 Bg7 5. e3 c5 6. dxc5 Qa5 7. Rc1 dxc4 8. Bxc4 0-0 9. Nge2 Qxc5 10. Qb3 Qa5 11. 0-0 Nbd7 12. a4 Nb6 13. Bc7 Bd7 14. Rfd1 Bc6 15. Nf4 e6 16. Bb5 Rfc8 17. Bd6 Bxb5 18. axb5 Nbd7 19. h3 Qd8 20. Nd3 Ne8 21. Bg3 Qe7 22. e4 Qg5 23. Ra1 Nb6 24. Bf4 Qh4 25. Be5 Bxe5 26. Nxe5 Qe7 27. Na4 Nxa4 28. Rxa4 Nf6 29. Qe3 Rc5 30. Nc4 Rh5 31. Nd6 b6 32. e5 Nd5 33. Qg3 f6 34. exf6 Qxf6 35. Ne4 Qe5 36. Re1 Kh8 37. Qa3 Rf5 38. Rxa7 Rxa7 39. Qxa7 Qxb2 40. Qd7 Qe5 41. Re2 Rf8 42. Qd6 Qxd6 43. Nxd6 Nf4 44. Rc2 Nd5 45. Ne4 Ra8 46. Ng5 h6 47. Nxe6 Ra1+ 48. Kh2 Rb1 49. Rc8+ Kh7 50. Rd8 Rxb5 51. Rd7+ Kh8 52. Nd4 Rc5 53. Rd6 Kh7 54. Ne6 Rb5 55. Nf8+ Kg7 56. Nxg6 h5 57. Ne5 Nf6 58. Nd3 h4 59. Re6 Rb3 60. Nf4 Kf7 61. Re5 Rb2 62. f3 Ra2 63. Rb5 Ra4 64. Ne2 Nd7 65. Nc3 Ra5 66. Rb4 Rh5 67. Ne4 Ke6 68. Kg1 1-0

[Event "GER-chT LF-1 B1 email"]
[Site "GER email"]
[Date "2007.??.??"]
[Round "?"]
[White "Lohmann, Heinrich"]
[Black "Hase, Werner"]
[Result "1/2-1/2"]
[WhiteElo "2178"]
[BlackElo "2280"]
[PlyCount "101"]
[EventDate "2007.??.??"]
[EventType "team (corr)"]
[EventRounds "9"]
[EventCountry "GER"]
[SourceTitle "Corr 2008"]
[Source "ChessBase"]
[SourceDate "2008.06.24"]
[SourceVersion "1"]
[SourceVersionDate "2008.06.24"]
[SourceQuality "1"]

1. Nf3 d5 2. g3 c6 3. Bg2 Nf6 4. d3 Bg4 5. Nbd2 Nbd7 6. 0-0 e5 7. h3 Bh5 8. e4 dxe4 9. dxe4 Bc5 10. Qe1 0-0 11. Nc4 Qe7 12. Nh4 Qe6 13. b3 Rad8 14. Be3 b6 15. f3 Bg6 16. Rd1 Nh5 17. Kh2 Qe7 18. Bxc5 Nxc5 19. Qe3 Qf6 20. Nf5 Ne6 21. c3 Nc7 22. Rfe1 Rfe8 23. Rxd8 Rxd8 24. Qf2 h6 25. a4 Rd7 26. Nfe3 Qe7 27. f4 exf4 28. gxf4 Rd3 29. f5 Bh7 30. Ng4 Ne8 31. e5 Qc7 32. Re3 Rxe3 33. Ngxe3 Nhf6 34. Qg3 Nd7 35. e6 fxe6 36. fxe6 Nc5 37. Ne5 Nxe6 38. Nxc6 a6 39. Nd5 Qxg3+ 40. Kxg3 Bc2 41. a5 bxa5 42. Nxa5 N8c7 43. Nxc7 Nxc7 44. Kf4 Kf7 45. Ke5 g5 46. c4 Bd1 47. Kd6 Ne8+ 48. Kd7 h5 49. Bd5+ Kf8 50. Kd8 g4 51. hxg4 1/2-1/2